| 000 | 01137nam a22002537a 4500 | ||
|---|---|---|---|
| 001 | 8956 | ||
| 003 | FISKH | ||
| 005 | 20251111110659.0 | ||
| 008 | 251111b cb ||||| |||| 00| 0 eng d | ||
| 020 | _a9780328018109 | ||
| 040 |
_aFISKH _beng _cFISKH _dFISKH |
||
| 082 | _a428.6 | ||
| 100 | _aAfflerbach, Peter | ||
| 245 |
_aTake a closer look : _bScott Foresman Reading / |
||
| 260 |
_aIllinois : _bScott Foresman, _c2002. |
||
| 300 |
_a208 pages : _bcolor illustrations ; _c29 cm |
||
| 505 | _aE | ||
| 520 | _aScott Foresman Reading: Take a Closer Look is a leveled reader or reading textbook designed to build students’ reading comprehension, vocabulary, and phonics skills. The book includes a variety of short stories, nonfiction passages, and illustrations that encourage children to observe details, think critically, and make connections. It helps develop foundational literacy skills in early elementary students through guided and independent reading practice. | ||
| 521 | 8 |
_a160
_bLexile estimate |
|
| 521 | 8 |
_aE
_bRaz-Plus |
|
| 650 |
_aStory collection _xReading |
||
| 942 |
_2ddc _cBK _n0 |
||
| 999 |
_c8956 _d8956 |
||